[Event "WchT Seniors 65"]
[Site "Struga"]
[Date "2023.09.28"]
[Round "9.1"]
[White "Huss, Andreas"]
[Black "Zoernpfenning, Siegfried"]
[Result "1/2-1/2"]
[WhiteElo "2214"]
[BlackElo "2040"]
[PlyCount "58"]
[EventDate "2023.09.19"]
[EventType "team-swiss"]
[EventRounds "9"]
[EventCountry "MKD"]
[SourceTitle "EXT 2024"]
[Source "ChessBase"]
[SourceDate "2023.10.10"]
[SourceVersion "1"]
[SourceVersionDate "2023.10.10"]
[SourceQuality "1"]
[WhiteTeam "Switzerland 65"]
[BlackTeam "Austria 65 II"]
[WhiteTeamCountry "SUI"]
[BlackTeamCountry "AUT"]

1. d4 Nf6 2. c4 e6 3. Nf3 b6 4. Nc3 Bb4 5. Qc2 Bb7 6. a3 Bxc3+ 7. Qxc3 Ne4 8. Qc2 0-0 9. g3 f5 10. Bg2 Nf6 11. 0-0 d6 12. Rd1 Be4 13. Qc3 Qe7 14. b4 Nbd7 15. Bb2 h6 16. Rac1 Kh7 17. Qb3 g5 18. Ne1 Bxg2 19. Nxg2 a5 20. Qc2 axb4 21. axb4 c6 22. b5 cxb5 23. cxb5 Nd5 24. f3 Rac8 25. Qb1 Qf7 26. e4 Rxc1 27. Rxc1 fxe4 28. Qxe4+ Kg7 29. Ba3 Qxf3 1/2-1/2

[Event "Vienna Ottakring 100 Years"]
[Site "Vienna"]
[Date "2023.09.03"]
[Round "9"]
[White "Zoernpfenning, Siegfried"]
[Black "Kruckenhauser, Arthur"]
[Result "1-0"]
[WhiteElo "2040"]
[BlackElo "2374"]
[PlyCount "67"]
[EventDate "2023.08.26"]
[EventType "swiss"]
[EventRounds "9"]
[EventCountry "AUT"]
[SourceTitle "EXT 2024"]
[Source "ChessBase"]
[SourceDate "2023.10.10"]
[SourceVersion "1"]
[SourceVersionDate "2023.10.10"]
[SourceQuality "1"]

1. d4 Nf6 2. Bf4 d5 3. e3 c5 4. c3 Nc6 5. Nd2 e6 6. Ngf3 cxd4 7. exd4 Nh5 8. Bg3 f5 9. Ne5 g6 10. Nxc6 bxc6 11. Be5 Nf6 12. Bd3 Be7 13. h4 0-0 14. Qe2 c5 15. Nf3 Nh5 16. dxc5 Bxc5 17. Rd1 Qb6 18. b4 Bd6 19. a4 Nf4 20. Bxf4 Bxf4 21. g3 Bd6 22. h5 Qc7 23. Qd2 Bb7 24. hxg6 hxg6 25. Rh6 Qg7 26. Ke2 Rf6 27. Rdh1 f4 28. g4 e5 29. Ng5 e4 30. Bxe4 f3+ 31. Kd1 Bf4 32. Bxd5+ Kf8 33. Ne6+ Ke7 34. Nxf4 1-0

[Event "St Veit op 42nd"]
[Site "St Veit"]
[Date "2023.07.10"]
[Round "4"]
[White "Zoernpfenning, Siegfried"]
[Black "Staufenberger, Bernd"]
[Result "1-0"]
[WhiteElo "2053"]
[BlackElo "1863"]
[PlyCount "73"]
[EventDate "2023.07.08"]
[EventType "swiss"]
[EventRounds "9"]
[EventCountry "AUT"]
[SourceTitle "CBM 215 Extra"]
[Source "ChessBase"]
[SourceDate "2023.09.30"]
[SourceVersion "1"]
[SourceVersionDate "2023.09.30"]
[SourceQuality "1"]

1. d4 d5 2. Bf4 Nc6 3. c4 Nf6 4. e3 Bf5 5. Nc3 e6 6. Rc1 a6 7. a3 h6 8. Nf3 Ne4 9. Be2 Nxc3 10. Rxc3 Bd6 11. Bg3 Bxg3 12. hxg3 Qd7 13. b4 f6 14. Nh4 Ne7 15. Nxf5 Nxf5 16. cxd5 exd5 17. Qc2 c6 18. Bh5+ Kd8 19. Bg4 Nxe3 20. Rxe3 Qxg4 21. Qc5 Qd7 22. 0-0 Re8 23. Qb6+ Kc8 24. Rfe1 Rxe3 25. Rxe3 Qd8 26. Qc5 Kd7 27. a4 b6 28. Qc2 Qf8 29. b5 axb5 30. axb5 Rc8 31. Qf5+ Kc7 32. Re6 cxb5 33. Qxd5 Qd8 34. Rc6+ Kb8 35. Rd6 Rc1+ 36. Kh2 Qc7 37. Rd8+ 1-0

[Event "Pula op 35th"]
[Site "Pula"]
[Date "2023.06.18"]
[Round "2"]
[White "Bochnicka, Vladimir1111"]
[Black "Zoernpfenning, Siegfried"]
[Result "1-0"]
[WhiteElo "2327"]
[BlackElo "2025"]
[PlyCount "83"]
[EventDate "2023.06.17"]
[EventType "swiss"]
[EventRounds "9"]
[EventCountry "CRO"]
[SourceTitle "CBM 214 Extra"]
[Source "ChessBase"]
[SourceDate "2023.07.31"]
[SourceVersion "1"]
[SourceVersionDate "2023.07.31"]
[SourceQuality "1"]

1. e4 e5 2. Nf3 Nf6 3. d4 Nxe4 4. Bd3 d5 5. Nxe5 Bd6 6. 0-0 0-0 7. c4 c6 8. Nc3 Nxc3 9. bxc3 Nd7 10. Re1 h6 11. Rb1 Nf6 12. Qf3 Re8 13. Bf4 Ne4 14. Nxf7 Kxf7 15. Bxd6+ Qf6 16. Bxe4 dxe4 17. Qh5+ Qg6 18. Qxg6+ Kxg6 19. Be5 b6 20. Rbd1 Bg4 21. Rd2 Rad8 22. Rxe4 Be6 23. Rd3 Kh7 24. Rg3 g6 25. h4 Bxc4 26. h5 g5 27. a3 Rd7 28. f4 Bd5 29. Ree3 gxf4 30. Bxf4 Rxe3 31. Rxe3 Rg7 32. g3 Rd7 33. Re8 Bf7 34. Re5 Rd5 35. Re7 Kg8 36. g4 Ra5 37. Be5 Kf8 38. Rc7 Rb5 39. g5 hxg5 40. h6 Rb1+ 41. Kh2 Bd5 42. h7 1-0

[Event "Vienna Advent op"]
[Site "Vienna"]
[Date "2022.12.08"]
[Round "4"]
[White "Zoernpfenning, Siegfried"]
[Black "Merei, David"]
[Result "1/2-1/2"]
[WhiteElo "2080"]
[BlackElo "1895"]
[PlyCount "131"]
[EventDate "2022.12.05"]
[EventType "tourn"]
[EventRounds "7"]
[EventCountry "AUT"]
[SourceTitle "CBM 211 Extra"]
[Source "ChessBase"]
[SourceDate "2023.01.31"]
[SourceVersion "1"]
[SourceVersionDate "2023.01.31"]
[SourceQuality "1"]

1. d4 Nf6 2. Bf4 d5 3. e3 c5 4. c3 Qb6 5. Qb3 Nc6 6. Nd2 c4 7. Qc2 Qd8 8. e4 e6 9. Bg5 Be7 10. Ngf3 h6 11. Bh4 0-0 12. Be2 b5 13. Ne5 Nxe5 14. dxe5 Nxe4 15. Bxe7 Qxe7 16. Nxe4 dxe4 17. Qxe4 Bb7 18. Qe3 Rfd8 19. 0-0 Qc7 20. Rfd1 a6 21. f4 Bc6 22. Bf1 Rd5 23. Rxd5 Bxd5 24. Rd1 Rd8 25. Rd4 a5 26. h3 Qb7 27. Qd2 Rc8 28. f5 b4 29. f6 bxc3 30. bxc3 Qb1 31. fxg7 Kh7 32. Rh4 Qg6 33. Rg4 Qf5 34. Qe3 Rg8 35. Qg3 f6 36. exf6 Qxf6 37. Bxc4 Bxc4 38. Rxc4 Rxg7 39. Qd3+ Kh8 40. Rc8+ Rg8 41. Rc7 Rg7 42. Rxg7 Kxg7 43. Qd4 e5 44. Qa7+ Kg6 45. Qxa5 e4 46. Qc5 Qf4 47. Qf2 Qc1+ 48. Kh2 e3 49. Qg3+ Kh7 50. Qc7+ Kh8 51. Qe5+ Kh7 52. Qe7+ Kh8 53. Qf6+ Kh7 54. Qf7+ Kh8 55. Qf4 Qxc3 56. Qxh6+ Kg8 57. Qe6+ Kh8 58. h4 Qe1 59. Kh3 Qh1+ 60. Kg3 Qe1+ 61. Kg4 e2 62. Kh5 Qf2 63. Qc8+ Kg7 64. Qc3+ Kg8 65. Qc8+ Kg7 66. Qc3+ 1/2-1/2

[Event "EU-chT Seniors 65"]
[Site "Dresden"]
[Date "2022.10.31"]
[Round "5.1"]
[White "Knaak, Rainer"]
[Black "Zoernpfenning, Siegfried"]
[Result "1-0"]
[WhiteElo "2457"]
[BlackElo "2109"]
[PlyCount "73"]
[EventDate "2022.10.27"]
[EventType "team-swiss"]
[EventRounds "9"]
[EventCountry "GER"]
[SourceTitle "EXT 2024"]
[Source "ChessBase"]
[SourceDate "2023.10.10"]
[SourceVersion "1"]
[SourceVersionDate "2023.10.10"]
[SourceQuality "1"]
[WhiteTeam "Lasker Schachstiftung 65"]
[BlackTeam "Austria 65"]
[WhiteTeamCountry "GER"]
[BlackTeamCountry "AUT"]

1. d4 Nf6 2. c4 e6 3. Nc3 Bb4 4. e3 0-0 5. Nge2 d6 6. a3 Bxc3+ 7. Nxc3 e5 8. Be2 a5 9. 0-0 Nc6 10. b3 Bf5 11. d5 Ne7 12. g4 Bc8 13. f4 Nd7 14. f5 f6 15. e4 Nc5 16. Ra2 a4 17. b4 Nb3 18. Be3 Bd7 19. Bd3 c5 20. dxc6 bxc6 21. Nxa4 Nd4 22. Nc3 c5 23. b5 Kh8 24. a4 g6 25. Rg2 gxf5 26. gxf5 Rg8 27. Rff2 Qa5 28. Bd2 Rxg2+ 29. Rxg2 Rg8 30. Rxg8+ Nxg8 31. Nb1 Qa8 32. a5 Bxf5 33. exf5 Nf3+ 34. Kf2 e4 35. Be2 Nd4 36. Be3 Qxa5 37. Bxd4 1-0

[Event "Graz op-A"]
[Site "Graz"]
[Date "2022.09.09"]
[Round "7"]
[White "Zoernpfenning, Siegfried"]
[Black "Poetsch, Hagen"]
[Result "0-1"]
[WhiteElo "2117"]
[BlackElo "2491"]
[PlyCount "50"]
[EventDate "2022.09.03"]
[EventType "swiss"]
[EventRounds "9"]
[EventCountry "AUT"]
[SourceTitle "EXT 2023"]
[Source "ChessBase"]
[SourceDate "2022.10.05"]
[SourceVersion "1"]
[SourceVersionDate "2022.10.05"]
[SourceQuality "1"]

1. d4 Nf6 2. Bf4 g6 3. Nc3 d5 4. Nf3 Bg7 5. Qd2 0-0 6. Bh6 c5 7. Bxg7 Kxg7 8. e3 Ne4 9. Nxe4 dxe4 10. Ne5 Qc7 11. Qc3 f6 12. Nc4 cxd4 13. exd4 Be6 14. Qg3 Rc8 15. Qxc7 Rxc7 16. Ne3 f5 17. g3 Bf7 18. c3 e5 19. dxe5 Nd7 20. Be2 Nxe5 21. 0-0 Rd7 22. f4 exf3 23. Bxf3 Re8 24. Rae1 Nd3 25. Re2 Rde7 0-1

[Event "St Veit op 41st"]
[Site "St Veit"]
[Date "2022.07.11"]
[Round "4"]
[White "Bauer, Sebastian"]
[Black "Zoernpfenning, Siegfried"]
[Result "1/2-1/2"]
[WhiteElo "2380"]
[BlackElo "2114"]
[PlyCount "71"]
[EventDate "2022.07.09"]
[EventType "swiss"]
[EventRounds "9"]
[EventCountry "AUT"]
[SourceTitle "CBM 209 Extra"]
[Source "ChessBase"]
[SourceDate "2022.09.30"]
[SourceVersion "1"]
[SourceVersionDate "2022.09.30"]
[SourceQuality "1"]

1. e4 e5 2. Nf3 Nf6 3. Nxe5 d6 4. Nf3 Nxe4 5. c4 Be7 6. d4 0-0 7. Bd3 Nf6 8. h3 d5 9. 0-0 dxc4 10. Bxc4 Bf5 11. Nc3 c6 12. Ne5 Nfd7 13. Nxf7 Rxf7 14. Qb3 Bg6 15. Qxb7 Nb6 16. Bxf7+ Bxf7 17. Re1 Kf8 18. Bf4 Qd7 19. Qxd7 N8xd7 20. Ne4 Bd5 21. Bd6 Nc8 22. Bxe7+ Nxe7 23. Ng5 Nf6 24. Ne6+ Kf7 25. Nc7 Rb8 26. Nxd5 Nfxd5 27. Re2 Rb4 28. Rd1 Nf5 29. Red2 Ke6 30. g3 a5 31. Kg2 Nfe3+ 32. fxe3 Nxe3+ 33. Kf3 Nxd1 34. Rxd1 Rxb2 35. Re1+ Kd6 36. Re2 1/2-1/2

[Event "Lienz op 20th"]
[Site "Lienz"]
[Date "2019.02.09"]
[Round "1"]
[White "Feige, Manuel"]
[Black "Zoernpfenning, Siegfried"]
[Result "1-0"]
[WhiteElo "2392"]
[BlackElo "2082"]
[PlyCount "39"]
[EventDate "2019.02.09"]
[EventType "swiss"]
[EventRounds "9"]
[EventCountry "AUT"]
[SourceTitle "CBM 188 Extra"]
[Source "ChessBase"]
[SourceDate "2019.02.26"]
[SourceVersion "1"]
[SourceVersionDate "2019.02.26"]
[SourceQuality "1"]

1. d4 d5 2. c4 e6 3. Nc3 Nf6 4. Bg5 Be7 5. e3 0-0 6. Nf3 Nbd7 7. Rc1 dxc4 8. Bxc4 c5 9. 0-0 a6 10. Qe2 b5 11. Bd3 Bb7 12. Rfd1 Qb6 13. Bb1 Rfe8 14. Ne5 Rad8 15. Nxd7 Rxd7 16. dxc5 Rxd1+ 17. Nxd1 Bxc5 18. Bxf6 gxf6 19. Qc2 Rc8 20. b4 1-0

[Event "Lienz op-A 18th"]
[Site "Lienz"]
[Date "2015.02.10"]
[Round "5"]
[White "Natter, Markus"]
[Black "Zoernpfenning, Siegfried"]
[Result "1/2-1/2"]
[WhiteElo "2011"]
[BlackElo "2164"]
[PlyCount "95"]
[EventDate "2015.02.07"]
[EventType "swiss"]
[EventRounds "9"]
[EventCountry "AUT"]
[SourceTitle "CBM 164 Extra"]
[Source "ChessBase"]
[SourceDate "2015.03.02"]
[SourceVersion "1"]
[SourceVersionDate "2015.03.02"]
[SourceQuality "1"]

1. e4 c5 2. Nf3 g6 3. d4 cxd4 4. Qxd4 Nf6 5. e5 Nc6 6. Qa4 Nd5 7. Qe4 Nc7 8. Nc3 Bg7 9. Bf4 0-0 10. Rd1 b6 11. Be2 Ne6 12. Bg3 Bb7 13. Nd5 Re8 14. Qe3 Qc8 15. c4 d6 16. 0-0 dxe5 17. Nxe5 Nxe5 18. Bxe5 Bxe5 19. Qxe5 Qb8 20. Qe3 Bxd5 21. cxd5 Nc5 22. Bb5 Qd6 23. Bxe8 Rxe8 24. Rfe1 Nd7 25. h3 Kf8 26. Qd4 Kg8 27. Qa4 Rc8 28. Rc1 Rxc1 29. Rxc1 Nc5 30. Qxa7 Nd3 31. Qa8+ Kg7 32. Rc3 Nf4 33. Qa6 Qxd5 34. Qf1 Qxa2 35. Rc4 e5 36. g3 Nxh3+ 37. Kh2 Nxf2 38. Rb4 Qa5 39. Qb5 Nd3 40. Qxa5 bxa5 41. Ra4 Nxb2 42. Rxa5 Nd3 43. g4 Kf6 44. Kg3 Kg5 45. Rd5 Nb4 46. Rxe5+ f5 47. gxf5 gxf5 48. Rb5 1/2-1/2

[Event "Lienz op 15th"]
[Site "Lienz"]
[Date "2009.02.12"]
[Round "7"]
[White "Weidlich, Guenter"]
[Black "Zoernpfenning, Siegfried"]
[Result "1/2-1/2"]
[WhiteElo "2182"]
[BlackElo "2115"]
[PlyCount "23"]
[EventDate "2009.02.07"]
[EventType "swiss"]
[EventRounds "9"]
[EventCountry "AUT"]
[SourceTitle "CBM 128 Extra"]
[Source "ChessBase"]
[SourceDate "2009.03.05"]
[SourceVersion "2"]
[SourceVersionDate "2009.03.25"]
[SourceQuality "1"]

1. d4 d5 2. Nf3 b6 3. c4 e6 4. Qc2 Nd7 5. cxd5 exd5 6. Bg5 Be7 7. Bxe7 Qxe7 8. e3 Ngf6 9. Bd3 0-0 10. Nc3 Re8 11. 0-0 Ne4 12. Rae1 1/2-1/2

[Event "AUT-chT2O 0809"]
[Site "Austria"]
[Date "2008.10.05"]
[Round "3.4"]
[White "Zoernpfenning, Siegfried"]
[Black "Hangweyrer, Manfred"]
[Result "0-1"]
[WhiteElo "2115"]
[BlackElo "2338"]
[PlyCount "28"]
[EventDate "2008.10.03"]
[EventType "team-tourn"]
[EventRounds "11"]
[EventCountry "AUT"]
[SourceTitle "EXT 2009"]
[Source "ChessBase"]
[SourceDate "2008.11.26"]
[SourceVersion "1"]
[SourceVersionDate "2008.11.26"]
[SourceQuality "1"]
[WhiteTeam "Tschaturanga"]
[BlackTeam "Wien Austria"]
[WhiteTeamCountry "AUT"]
[BlackTeamCountry "AUT"]

1. e4 d5 2. exd5 Qxd5 3. d4 Nc6 4. Be3 e5 5. Nc3 Bb4 6. Qd2 Qa5 7. Nf3 Nf6 8. a3 Ne4 9. Qc1 Bxc3+ 10. bxc3 Qxc3+ 11. Bd2 Nxd2 12. Nxd2 Nxd4 13. Bd3 0-0 14. 0-0 Qxd3 0-1